Born in Tennessee Quiz Stats

 Plays Quiz Updated Jun 4, 2013

Also try: Born in Texas
Challenge
Share
Tweet
Score 0/20 Timer 04:00
5 Plays Today
% Correct
Morgan Freeman
93.1%
Justin Timberlake
89.3%
Dolly Parton
88.9%
Tina Turner
77.3%
Aretha Franklin
75.9%
Miley Cyrus
67.3%
Megan Fox
65.6%
Quentin Tarantino
64.6%
Kathy Bates
63.8%
Kenny Chesney
48.7%
% Correct
Johnny Knoxville
48.6%
Cybill Shepherd
42.9%
Shannen Doherty
36.2%
Isaac Hayes
36.1%
Herman Cain
28.7%
Christina Hendricks
24.4%
Ginnifer Goodwin
23.6%
Reggie White
20.4%
Lucy Hale
12.2%
Wilma Rudolph
11.6%

You're not logged in!

Compare scores with friends on all Sporcle quizzes.
OR
Log In

You Might Also Like...

Show Comments

Extras

Top Quizzes Today


Score Distribution

Your Account Isn't Verified!

In order to create a playlist on Sporcle, you need to verify the email address you used during registration. Go to your Sporcle Settings to finish the process.

Report this User

Report this user for behavior that violates our Community Guidelines.

Details: